000 00698nam a22002057a 4500
005 20170731095655.0
010 _aENG-119466
020 _c90.00
035 _aEN-102998
037 _bDBAD/PUB
082 _a620.3191
100 _aSiva Shankar,A.
245 _aPower systems-I /
_bfor polytechnic E.E.E.-IV semester( Second year) /
_cby A. Siva Sankar [and] L. Ashok Raman
260 _aVijaywada
_bV.G.S. Book Links
_c2011
270 _a#5-6-59/3 Second floor Tammina KrishnaStrre,Behind Sairam Theatre,
_bVijaywada
_e520009
300 _aVarious pagings :
_c25cm(pbk)
_bill
490 _aTechno Series
700 _a Ashok Raman, L.
942 _2ddc
_cEN
_h620.3191
_mSHI
999 _c142981
_d142981